Systematic fieldwork Vol. 1

Bibliographic Details
Main Author: Werner, Oswald
Other Authors: Schoepfle, G. Mark
Format: Book
Published: Newburry Park : Sage Publications , 1987
Subjects:

MARC

LEADER 00000cam a2200000 7i4500
001 0000003452
005 20021106.0
020 |a 080392559X 
040 |a INS 
090 0 0 |a GN346.   |b W47 1987 
100 1 |a Werner, Oswald 
245 1 0 |a Systematic fieldwork Vol. 1   |c Oswald Werner, G. Mark Schoepfle 
260 |a Newburry Park :   |b Sage Publications ,   |c 1987 
300 |a 416 p. ;   |c 2 cm. 
650 0 0 |a Ethnology   |x Fieldwork 
650 0 0 |a Ethnology   |x Methodology 
700 1 |a Schoepfle, G. Mark 
999 |a 0000004414   |b BOOK   |c Open Shelf   |e Default branch